00367nam a2200133Ia 4500008004100000020001500041041001200056100001800068245007400086260003400160300000800194650001600202700001500218221030s9999 xx 000 0 und d a9353532896 aEnglish aK. A. Lambert 0aFundamentals of Python : First Programscby K. A. Lambert, M. Osborne bCengage LearningaDelhic2021 a476 aBE Computer aM. Osborne